Namiesto vízie - výzva Odpovede na otázky, kde sme a kam smerujeme, neprišli

Prvá verzia dlhodobej vízie rozvoja Slovenska do roku 2020. Prognózy ekonomického, intelektuálneho a sociálneho rozvoja spoločnosti. Perspektívne odvetvia priemyslu. Podpora vedy zo štátneho rozpočtu. Analýzy, z ktorých vychádzal výskum o dlhdobom rozvoji Slovenska.

Gespeichert in:
Bibliographische Detailangaben
1. Verfasser: Šimonovičová, Alžbeta
Format: Buch
Sprache:Slowakisch
Schlagworte:
Tags: Tag hinzufügen
Keine Tags, Fügen Sie das erste Tag hinzu!

MARC

LEADER 00000nam a2200000 4500
001 r030316
005 20251104124518.1
041 0 |a slo 
044 |a SK 
245 1 0 |a Namiesto vízie - výzva  |b Odpovede na otázky, kde sme a kam smerujeme, neprišli  |c Alžbeta Šimonovičová 
520 |a Prvá verzia dlhodobej vízie rozvoja Slovenska do roku 2020. Prognózy ekonomického, intelektuálneho a sociálneho rozvoja spoločnosti. Perspektívne odvetvia priemyslu. Podpora vedy zo štátneho rozpočtu. Analýzy, z ktorých vychádzal výskum o dlhdobom rozvoji Slovenska. 
610 2 0 |a prognózy dlhodobé 
610 2 0 |a prognózy hospodárske 
610 2 0 |a prognózy sociálno-ekonomické 
610 2 0 |a prognózy vedecké 
610 2 0 |a Slovensko 
100 1 |a Šimonovičová, Alžbeta